[Event "Mistrzostwa Polski Juniorow do lat 18 - Dziewczeta"]
[Site "Szklarska Poreba"]
[Date "1899-12-30"]
[Round "3.12"]
[White "Drob, Julia"]
[Black "Filipska, Maja"]
[Result "0-1"]
[WhiteTitle "I"]
[BlackTitle "I++"]
[WhiteElo "1387"]
[BlackElo "1800"]

1. d4 Nf6 2. Bf4 g6 3. Nf3 Bg7 4. e3 d6 5. Be2 O-O 6. O-O Nc6 7. Nbd2 h6 8. h3
Qe8 9. Nc4 Nd7 10. c3 e5 11. dxe5 Ndxe5 12. a4 a6 13. Nd4 Kh7 14. b4 Nxc4 15.
Bxc4 Be5 16. Re1 Bxf4 17. exf4 Qd8 18. b5 axb5 19. Nxb5 Na7 20. Nd4 Qf6 21. Qf3
c6 22. Qg3 Bd7 23. Bd3 c5 24. Nb5 Nxb5 25. axb5 d5 26. Rxa8 Rxa8 27. c4 d4 28.
Qf3 Bc8 29. Re5 Ra1+ 30. Kh2 b6 31. Be4 Be6 32. Bd5 Bxd5 33. Rxd5 Rc1 34. f5 Rxc4
35. fxg6+ Qxg6 36. Rd7 Kg7 37. h4 Rc3 38. Qd5 Qf6 39. Qe4 Rb3 40. Qg4+ Qg6 41.
Qe2 Qf5 42. Rxf7+ Qxf7 43. Qe5+ Kg8 44. Qb8+ Kh7 45. Qe5 Ra3 46. Qe4+ Kg8 47.
Qg4+ Kf8 48. Qc8+ Qe8 49. Qf5+ Ke7 50. Qe4+ Kd8 51. Qd5+ Qd7 52. Qg8+ Kc7 53.
f4 d3 54. Qg3 Ra1 55. Qe3 d2 56. Qe5+ Kb7 57. Qxa1 d1=Q 58. Qa6+ Kb8 59. Qxb6+
Qb7 60. Qxc5 Qd8 61. Qe5+ Qbc7 62. Qe4 Qxh4+ 0-1

[Event "Mistrzostwa Polski Juniorow do lat 18 - Dziewczeta"]
[Site "Szklarska Poreba"]
[Date "1899-12-30"]
[Round "3.13"]
[White "Sivickis, Wiktoria"]
[Black "Majdecka, Nikola"]
[Result "1-0"]
[WhiteTitle "I++"]
[BlackTitle "I"]
[WhiteElo "1775"]
[BlackElo "1098"]

1. e4 e5 2. Nf3 Nc6 3. Bb5 d6 4. d4 Bd7 5. Bxc6 Bxc6 6. Nc3 f6 7. O-O g5 8. d5
Bd7 9. Nxg5 fxg5 10. Qh5+ Ke7 11. Bxg5+ Nf6 12. f4 Bg7 13. fxe5 Rf8 14. exf6+
Bxf6 15. Rxf6 Rxf6 16. Bxf6+ Kxf6 17. Rf1+ Kg7 18. Rf7+ Kg8 19. Qxh7# 1-0

[Event "Mistrzostwa Polski Juniorow do lat 18 - Dziewczeta"]
[Site "Szklarska Poreba"]
[Date "1899-12-30"]
[Round "3.14"]
[White "Sloniec, Natalia"]
[Black "Orlik, Sandra"]
[Result "0-1"]
[WhiteTitle "II+"]
[BlackTitle "I++"]
[WhiteElo "1124"]
[BlackElo "1678"]

1. e4 c5 2. Nc3 d6 3. d3 Nc6 4. g3 g6 5. Bg2 Bg7 6. Nf3 e6 7. O-O Nge7 8. Be3 Nd4
9. Qd2 h6 10. Rab1 Nec6 11. a3 a6 12. Ne2 Nxe2+ 13. Qxe2 O-O 14. Qd2 Kh7 15. c3
f5 16. exf5 gxf5 17. d4 cxd4 18. Nxd4 Qc7 19. Nf3 Na5 20. Qe2 Bd7 21. Rfd1 Rad8
22. Nh4 b5 23. Qh5 Be8 24. Qe2 Bf6 25. Nf3 Bg6 26. Ra1 Nb3 27. Ra2 Qc4 28. Qxc4
bxc4 29. Nd2 Nxd2 30. Rxd2 d5 31. Ra1 Rb8 32. Re1 Rb5 33. Bf4 Bf7 34. Be5 Bxe5
35. Rxe5 Rfb8 36. Ree2 Kg7 37. Bf3 Kf6 38. h4 e5 39. Kf1 e4 40. Bg2 Bh5 41. Re1
Ke5 42. Rb1 f4 43. Kg1 Bf7 44. Re2 Rb3 45. Kh2 Rxc3 46. gxf4+ Kxf4 47. Ra1 Rcb3
48. Ra2 Bh5 49. Rd2 Ke5 50. Rc2 Kf4 51. Rd2 Rd3 52. Rxd3 0-1

[Event "Mistrzostwa Polski Juniorow do lat 18 - Dziewczeta"]
[Site "Szklarska Poreba"]
[Date "1899-12-30"]
[Round "3.15"]
[White "Moscicka, Pola"]
[Black "Zygmunt, Patrycja"]
[Result "1-0"]
[WhiteTitle "k++"]
[BlackTitle "I"]
[WhiteElo "2050"]
[BlackElo "1230"]

1. e4 e5 2. Nf3 Nc6 3. Bb5 Bc5 4. c3 Nf6 5. d3 O-O 6. O-O d6 7. Bg5 Bg4 8. Nbd2
h6 9. Bh4 g5 10. Bg3 Ne7 11. Qc2 Ng6 12. h3 Bxf3 13. Nxf3 Nh5 14. d4 Nxg3 15.
fxg3 exd4 16. cxd4 Bb6 17. Kh1 c6 18. Bd3 Qe8 19. Rae1 Rd8 20. a3 c5 21. e5 cxd4
22. exd6 Qd7 23. Bxg6 fxg6 24. Qxg6+ Qg7 25. Qe6+ Kh8 26. Ne5 Rxf1+ 27. Rxf1 1-0

[Event "Mistrzostwa Polski Juniorow do lat 18 - Dziewczeta"]
[Site "Szklarska Poreba"]
[Date "1899-12-30"]
[Round "3.16"]
[White "Chomicka, Kinga"]
[Black "Tarka, Aleksandra"]
[Result "0-1"]
[WhiteTitle "I+"]
[BlackTitle "I++"]
[WhiteElo "1439"]
[BlackElo "1706"]

1. e4 c5 2. Nc3 a6 3. g3 b5 4. Bg2 Bb7 5. d3 e6 6. Be3 Nf6 7. f4 d5 8. e5 Nfd7
9. d4 cxd4 10. Bxd4 Nc6 11. Bf2 b4 12. Nce2 Rc8 13. Nf3 Be7 14. O-O O-O 15. c3
a5 16. Rc1 Ba6 17. Re1 Nc5 18. Bxc5 Bxc5+ 19. Kh1 Qe7 20. Bf1 Qa7 21. Qa4 Qb6
22. cxb4 Nxb4 23. Nc3 Bb7 24. Kg2 d4 25. Ne4 Bxe4 26. Rxe4 Qb7 27. Ree1 Nd5 28.
Rb1 Ne3+ 29. Kf2 Ng4+ 30. Kg2 Ne3+ 31. Kf2 Ng4+ 32. Kg2 Nxh2 33. Kxh2 Qxf3 34.
Qxa5 d3 35. Bg2 Qh5+ 36. Bh3 Bf2 37. Rf1 Qf3 38. Rxf2 Qxf2+ 39. Bg2 Rc2 40. Rg1
Qf3 41. g4 Qxg4 42. Qe1 Qxf4+ 43. Kh3 Re2 44. Rf1 Rxe1 45. Rxf4 d2 46. Bf3 Re3
47. Rd4 Rxf3+ 48. Kg2 Rf5 49. Rxd2 Rxe5 50. b4 Rb5 51. a3 Ra8 52. Kf2 h5 53. Rd3
Rb6 54. Rh3 g6 55. Rb3 Rba6 56. b5 Rxa3 57. Rb1 Rb8 58. b6 Rb7 0-1

[Event "Mistrzostwa Polski Juniorow do lat 18 - Dziewczeta"]
[Site "Szklarska Poreba"]
[Date "1899-12-30"]
[Round "3.17"]
[White "Choinska, Debora"]
[Black "Jedras, Adrianna"]
[Result "0-1"]
[WhiteTitle "I++"]
[BlackTitle "I"]
[WhiteElo "1668"]
[BlackElo "1440"]

1. e4 e5 2. Nf3 Nc6 3. Bc4 Bc5 4. d3 h6 5. c3 Nf6 6. O-O d6 7. Bb3 Bg4 8. Nbd2
O-O 9. h3 Bxf3 10. Nxf3 Na5 11. Bc2 Nc6 12. Re1 Bb6 13. a3 Ne7 14. d4 Ng6 15.
g3 Qd7 16. Kg2 Rad8 17. Qe2 Rfe8 18. dxe5 dxe5 19. Rd1 Qe6 20. Rxd8 Rxd8 21. Bd2
Qc6 22. Re1 Rd6 23. Bb3 Nd7 24. Bd5 Qa4 25. Bxb7 Qb3 26. Bd5 Qxb2 27. Qc4 Rf6
28. Be3 Qxa3 29. Bxb6 cxb6 30. Qc8+ Ndf8 31. Qc7 Qc5 32. Qxa7 Qxc3 33. Re3 Qa5
34. Qc7 Qa1 35. Rb3 Ne6 36. Qb8+ Kh7 37. Rxb6 Ngf4+ 38. gxf4 Nxf4+ 39. Kh2 Qf1
40. Nh4 Qxh3+ 41. Kg1 Ne2# 0-1

[Event "Mistrzostwa Polski Juniorow do lat 18 - Dziewczeta"]
[Site "Szklarska Poreba"]
[Date "1899-12-30"]
[Round "3.18"]
[White "Polak, Sylwia"]
[Black "Repec, Julia"]
[Result "1/2-1/2"]
[WhiteTitle "I++"]
[BlackTitle "I"]
[WhiteElo "1629"]
[BlackElo "1405"]

1. d4 d5 2. c4 e6 3. Nc3 Nf6 4. Nf3 b6 5. e3 Be7 6. Bd3 dxc4 7. Bxc4 Bb7 8. O-O
O-O 9. Qe2 c5 10. Rd1 Qc8 11. e4 cxd4 12. Nxd4 Nc6 13. Ndb5 Ne5 14. Bb3 a6 15.
Nd6 Bxd6 16. Rxd6 Qc7 17. Rd1 Ng6 18. Bg5 Rad8 19. h4 h6 20. Bxf6 gxf6 21. h5
Nf4 22. Qe3 Kh7 23. Rac1 Rxd1+ 24. Bxd1 Qd6 25. Bf3 Ba8 26. Na4 Rb8 27. b3 e5
28. Bg4 Ne6 29. Nc3 Nd4 30. Ne2 Ne6 31. Ng3 Ng5 32. Be2 b5 33. Nf5 Qb6 34. Qxb6
Rxb6 35. f3 Rc6 36. Rxc6 Bxc6 37. Kf2 Ne6 38. g3 Nc5 39. Ke3 Ba8 40. Kd2 Bc6 41.
Kc3 Nb7 42. Bf1 Nc5 43. Ne7 Bd7 44. Kb4 Nb7 45. Nd5 Kg7 46. g4 a5+ 47. Kc3 Nd6
48. Bd3 Bc6 1/2-1/2

[Event "Mistrzostwa Polski Juniorow do lat 18 - Dziewczeta"]
[Site "Szklarska Poreba"]
[Date "1899-12-30"]
[Round "3.19"]
[White "Sawa, Daria"]
[Black "Zygmunt, Magdalena"]
[Result "1-0"]
[WhiteTitle "I"]
[BlackTitle "I"]
[WhiteElo "1558"]
[BlackElo "1256"]

1. e4 e5 2. Nf3 Nc6 3. Bc4 Bc5 4. b4 Bxb4 5. c3 Ba5 6. d4 exd4 7. O-O Bxc3 8. Nxc3
dxc3 9. Qb3 Qf6 10. Bg5 Qg6 11. Qxc3 h6 12. Bf4 d6 13. e5 dxe5 14. Nxe5 Nxe5 15.
Qxe5+ Be6 16. Rfe1 Ne7 17. Bxe6 fxe6 18. Qb5+ c6 19. Qxb7 Kf7 20. Bd6 Qf6 21.
Rad1 Rhd8 22. Rd3 Ke8 23. Rf3 Qg5 24. Bxe7 Qxe7 25. Qxc6+ Rd7 26. Qxa8+ 1-0

[Event "Mistrzostwa Polski Juniorow do lat 18 - Dziewczeta"]
[Site "Szklarska Poreba"]
[Date "1899-12-30"]
[Round "4.1"]
[White "Sowa, Wiktoria"]
[Black "Czarniecka, Aleksandra"]
[Result "1-0"]
[WhiteTitle "WFM"]
[BlackTitle "k"]
[WhiteElo "2053"]
[BlackElo "2040"]

1. e4 c5 2. Nf3 d6 3. d4 cxd4 4. Nxd4 Nf6 5. f3 e5 6. Nb3 a5 7. Bb5+ Bd7 8. Bxd7+
Qxd7 9. a4 d5 10. exd5 Qxd5 11. Qe2 Bb4+ 12. Bd2 Bxd2+ 13. N1xd2 O-O 14. O-O Nbd7
15. Rfd1 Qc6 16. Nc4 Rfc8 17. Nd6 Qxc2 18. Qb5 Rf8 19. Nxa5 Qc5+ 20. Qxc5 Nxc5
21. Ndc4 e4 22. fxe4 Nfxe4 23. b4 Na6 24. Rd4 f5 25. Nb6 Rad8 26. Rad1 Rxd4 27.
Rxd4 Rb8 28. h3 Nf6 29. Rc4 Ne4 30. Nb3 Rf8 31. b5 Nb8 32. Nc5 Nxc5 33. Rxc5 g6
34. a5 Kg7 35. Rc7+ Rf7 36. Nd5 Rd7 37. Rxd7+ Nxd7 38. a6 1-0

[Event "Mistrzostwa Polski Juniorow do lat 18 - Dziewczeta"]
[Site "Szklarska Poreba"]
[Date "1899-12-30"]
[Round "4.2"]
[White "Kalinowska, Zuzanna"]
[Black "Waszczuk, Patrycja"]
[Result "0-1"]
[WhiteTitle "WFM"]
[BlackTitle "WFM"]
[WhiteElo "2089"]
[BlackElo "2271"]

1. d4 Nf6 2. c4 e6 3. Nc3 Bb4 4. e3 d5 5. Qa4+ Nc6 6. a3 Be7 7. Nf3 O-O 8. Bd3
dxc4 9. Bxc4 Bd6 10. O-O e5 11. d5 Ne7 12. e4 c6 13. dxc6 Nxc6 14. Bg5 h6 15.
Bh4 Bg4 16. Be2 g5 17. Bg3 Bxf3 18. Bxf3 Qb6 19. Rad1 Nd4 20. Rd3 Rfd8 21. Rb1
Bc7 22. Qd1 Rd7 23. Bg4 Nxg4 24. Qxg4 Rad8 25. Nd5 Rxd5 26. exd5 f5 27. Qh5 f4
28. Bxf4 exf4 29. Re1 Nf5 30. d6 Bxd6 31. Re8+ Rxe8 32. Qxe8+ Kg7 33. Qd7+ Kf6
34. Rd5 Be5 35. Rb5 Qc6 36. Qxc6+ bxc6 37. Rb7 a5 38. Rb6 Ne7 39. Ra6 Bxb2 40.
Rxa5 Bd4 41. Ra8 Ke6 42. Kf1 c5 43. a4 Kd5 44. Ke2 Nc6 45. a5 c4 46. a6 c3 47.
f3 Kc4 48. Rc8 Kb5 49. Kd3 Bf6 50. a7 Nxa7 51. Rf8 Be5 52. g3 Nc6 53. Rf5 Kb4
54. Rf7 Kb3 55. gxf4 gxf4 0-1

[Event "Mistrzostwa Polski Juniorow do lat 18 - Dziewczeta"]
[Site "Szklarska Poreba"]
[Date "1899-12-30"]
[Round "4.3"]
[White "Rudzinska, Michalina"]
[Black "Kucharska, Honorata"]
[Result "1/2-1/2"]
[WhiteTitle "WFM"]
[BlackTitle "WFM"]
[WhiteElo "2083"]
[BlackElo "2143"]

1. e4 e6 2. d4 d5 3. Nd2 c5 4. exd5 Qxd5 5. Ngf3 cxd4 6. Bc4 Qd7 7. O-O Nc6 8.
Nb3 Nf6 9. Nbxd4 Nxd4 10. Nxd4 a6 11. Be3 Be7 12. a4 O-O 13. Qe2 Nd5 14. Bxd5
Qxd5 15. Rfd1 Qe4 16. Nb3 e5 17. f3 Qc6 18. Rd3 Bf5 19. Rc3 Qg6 20. Nc5 Rac8 21.
a5 h6 22. Qf2 Bxc5 23. Bxc5 Rfd8 24. Re1 Rd5 25. b4 Rcd8 26. Rce3 Bxc2 27. Rxe5
Rxe5 28. Rxe5 Rd1+ 29. Re1 Qd3 30. Rxd1 Qxd1+ 31. Qf1 Qxf1+ 1/2-1/2

[Event "Mistrzostwa Polski Juniorow do lat 18 - Dziewczeta"]
[Site "Szklarska Poreba"]
[Date "1899-12-30"]
[Round "4.4"]
[White "Malicka, Maria"]
[Black "Michalska, Aleksandra"]
[Result "1/2-1/2"]
[WhiteTitle "WCM"]
[BlackTitle "I++"]
[WhiteElo "2237"]
[BlackElo "1825"]

1. e4 g6 2. d4 Bg7 3. Nc3 d6 4. f4 Nf6 5. Nf3 O-O 6. e5 Nfd7 7. Bc4 Nb6 8. Bb3
c5 9. dxc5 dxc5 10. Qxd8 Rxd8 11. Be3 Na6 12. Ng5 e6 13. Nge4 Bf8 14. a4 Kg7 15.
a5 Nd5 16. O-O-O Nxc3 17. Nxc3 Bd7 18. f5 h6 19. f6+ Kh7 20. Rd2 Bc6 21. Rhd1
Rxd2 22. Rxd2 g5 23. g4 b5 24. axb6 axb6 25. Bc4 Nb4 26. Kb1 Rb8 27. Bf2 b5 28.
Bf1 c4 29. Ne2 Be4 30. Nd4 Bc5 31. Re2 Bxd4 32. Bxd4 Bf3 33. Rd2 Bxg4 34. Bc5
Nd5 35. Bg2 c3 36. Be4+ Kg8 37. Rg2 Rc8 38. Bd4 Bh3 39. Bxd5 Rd8 40. Rg3 Rxd5
41. bxc3 g4 42. Kc1 h5 43. Kd2 Kh7 44. Ke3 Bf1 45. Rg1 Bh3 46. Rb1 Bg2 47. Kf4
Bf3 48. Kg5 Be2 49. Ra1 Rd8 50. Ra7 Kg8 51. Bb6 Rf8 52. Bg1 Kh7 53. Kxh5 g3+ 54.
Kh4 gxh2 55. Bxh2 Kg6 56. Kg3 Rc8 57. Ra3 Bd1 58. Bg1 Bxc2 59. Bd4 Bd3 60. Kf4
Rh8 61. Ra1 Rh4+ 62. Ke3 1/2-1/2

[Event "Mistrzostwa Polski Juniorow do lat 18 - Dziewczeta"]
[Site "Szklarska Poreba"]
[Date "1899-12-30"]
[Round "4.5"]
[White "Harazinska, Magdalena"]
[Black "Sivickis, Wiktoria"]
[Result "1-0"]
[WhiteTitle "WFM"]
[BlackTitle "I++"]
[WhiteElo "2099"]
[BlackElo "1775"]

1. d4 Nf6 2. c4 c5 3. d5 b5 4. Qc2 bxc4 5. e4 e6 6. Bxc4 exd5 7. exd5 d6 8. Nc3
Nbd7 9. Nf3 Nb6 10. O-O Nxc4 11. Qa4+ Bd7 12. Qxc4 Be7 13. Re1 O-O 14. b3 Re8
15. Bb2 Rb8 16. a3 Qb6 17. Nd2 Bf5 18. h3 Qb7 19. Rac1 Nd7 20. Qf4 Bg6 21. Nc4
Qc7 22. Ne4 Bxe4 23. Rxe4 Bf8 24. Rxe8 Rxe8 25. Qf3 Nb6 26. Ne3 Qe7 27. Qg4 Qe4
28. Qxe4 Rxe4 29. Bc3 g6 30. b4 Na4 31. bxc5 Nxc5 32. Rb1 Re8 33. Ng4 Bg7 34.
Nf6+ Bxf6 35. Bxf6 Nd7 36. Bd4 Nc5 37. Rb5 Rc8 38. Rb1 Re8 39. f3 Kf8 40. Kf2
h6 41. h4 f5 42. Kg3 Kf7 43. Rc1 Rc8 44. Be3 Kg7 45. Kh3 Rc7 46. Bf4 Na6 47. Rc6
Rxc6 48. dxc6 Kf7 49. Bxd6 Ke8 50. Kg3 Kd8 51. Kf4 Nc7 52. Bxc7+ Kxc7 53. h5 1-0

[Event "Mistrzostwa Polski Juniorow do lat 18 - Dziewczeta"]
[Site "Szklarska Poreba"]
[Date "1899-12-30"]
[Round "4.6"]
[White "Swiech, Joanna"]
[Black "Kulpa, Zuzanna"]
[Result "1-0"]
[WhiteTitle "k+"]
[BlackTitle "k"]
[WhiteElo "1838"]
[BlackElo "1955"]

1. d4 d5 2. c4 c6 3. cxd5 cxd5 4. Nc3 Nf6 5. Bf4 Nc6 6. e3 Bf5 7. Qb3 Na5 8. Qa4+
Bd7 9. Qc2 e6 10. Bd3 Rc8 11. Nf3 b5 12. a3 Be7 13. O-O O-O 14. Rfc1 a6 15. Ne5
Nc4 16. h3 h6 17. Qe2 Be8 18. a4 Na5 19. Qd1 Nc4 20. Qe2 Na5 21. Bc2 Nc4 22. b3
Nxe5 23. dxe5 Rxc3 24. Bh7+ Nxh7 25. Rxc3 Qa5 26. Qc2 f6 27. Rc7 fxe5 28. Rxe7
exf4 29. exf4 Bf7 30. Rc1 Nf6 31. f5 Qd8 32. Rb7 bxa4 33. fxe6 Bxe6 34. bxa4 Ne4
35. Qb2 Bf7 36. Rcc7 Nd6 37. Ra7 Ne8 38. Rd7 Qa5 39. Qe5 Nf6 40. Rxf7 Rxf7 41.
Qe6 Qe1+ 42. Qxe1 Rxa7 43. Qe6+ Kh7 44. Qb6 Rd7 45. Qxa6 d4 46. Qd3+ g6 47. a5
Nh5 48. g3 Ng7 49. a6 Ne6 50. Qb5 Nf8 51. Kf1 Rf7 52. Qe8 Ra7 53. Qb8 1-0

[Event "Mistrzostwa Polski Juniorow do lat 18 - Dziewczeta"]
[Site "Szklarska Poreba"]
[Date "1899-12-30"]
[Round "4.7"]
[White "Skiba, Aleksandra"]
[Black "Budkiewicz, Magdalena"]
[Result "1-0"]
[WhiteTitle "k"]
[BlackTitle "I++"]
[WhiteElo "1923"]
[BlackElo "1702"]

1. e4 c5 2. Nf3 d6 3. d4 cxd4 4. Nxd4 Nf6 5. Nc3 Nc6 6. Be2 e5 7. Nf3 Be7 8. O-O
O-O 9. Bg5 a6 10. a4 Be6 11. Bxf6 Bxf6 12. Nd5 Bxd5 13. Qxd5 Qc7 14. c3 Ne7 15.
Qb3 Qc6 16. Rfe1 Rac8 17. Rad1 Ng6 18. Bf1 Be7 19. g3 Kh8 20. Nd2 Rc7 21. Nc4
f5 22. exf5 Rxf5 23. Ne3 Rf8 24. Bg2 Qc5 25. Qd5 Qb6 26. Re2 Rd8 27. Be4 Qc6 28.
Qd3 Qe8 29. Nd5 Rc5 30. Bxg6 hxg6 31. Nxe7 Qxe7 32. Qxg6 Rc4 33. Re4 Rxe4 34.
Qxe4 Kg8 35. Rd3 b5 36. axb5 axb5 37. Qd5+ Qf7 38. Qxb5 Qf5 39. Qd5+ Kh8 40. Kg2
Qg4 41. Re3 Qf5 42. b4 1-0

[Event "Mistrzostwa Polski Juniorow do lat 18 - Dziewczeta"]
[Site "Szklarska Poreba"]
[Date "1899-12-30"]
[Round "4.8"]
[White "Filipska, Maja"]
[Black "Furtak, Joanna"]
[Result "1-0"]
[WhiteTitle "I++"]
[BlackTitle "k"]
[WhiteElo "1800"]
[BlackElo "1922"]

1. e4 c5 2. Nf3 e6 3. d4 cxd4 4. Nxd4 Nc6 5. Nb5 d6 6. c4 Nf6 7. N1c3 a6 8. Na3
Be7 9. Be2 O-O 10. O-O b6 11. Be3 Bb7 12. Rc1 Nd7 13. Qd2 Nc5 14. Rfd1 Qb8 15.
f3 Rd8 16. Qe1 Nb4 17. Nc2 a5 18. Bf4 Bc6 19. Nd4 Be8 20. a3 Nc6 21. Ndb5 Nb3
22. Rc2 Na7 23. Qg3 Nxb5 24. Nxb5 Bxb5 25. cxb5 Ra7 26. Rc6 e5 27. Be3 Rb7 28.
Qf2 Nc5 29. b4 axb4 30. axb4 Nd7 31. Bc4 d5 32. Bxd5 Bxb4 33. Rc4 Bc5 34. Bxb7
Qxb7 35. Bxc5 bxc5 36. Qxc5 1-0

[Event "Mistrzostwa Polski Juniorow do lat 18 - Dziewczeta"]
[Site "Szklarska Poreba"]
[Date "1899-12-30"]
[Round "4.9"]
[White "Orlik, Sandra"]
[Black "Raczykowska, Paulina"]
[Result "0-1"]
[WhiteTitle "I++"]
[BlackTitle "k"]
[WhiteElo "1678"]
[BlackElo "1899"]

1. d4 Nf6 2. Nf3 e6 3. e3 b6 4. Bd3 Bb7 5. b3 d5 6. Bb2 Bd6 7. Nbd2 O-O 8. h4 c5
9. Qe2 Nc6 10. e4 dxe4 11. Nxe4 Nxd4 12. Nxd4 cxd4 13. O-O-O Nxe4 14. Bxe4 Bxe4
15. Qxe4 e5 16. f4 f6 17. g4 Kh8 18. g5 f5 19. Qd5 e4 20. Kb1 Bxf4 21. Qb5 Be3
22. Rhf1 f4 23. Qe5 Qe8 24. Bxd4 Bxd4 25. Qxd4 Qe7 26. Qd5 Rae8 27. Rde1 Qe5 28.
Qb7 Re7 29. Qc6 e3 30. Qg2 Rd7 31. Qh3 Re7 32. Rf3 Kg8 33. Qf1 Qd4 34. a4 Re4
35. h5 Rd8 36. h6 g6 37. Qb5 Qd5 38. Qa6 Qa5 39. Qxa5 bxa5 40. Kc1 Rd5 41. c4
Rxg5 42. Kc2 Rge5 43. Kd3 Kf7 44. Ke2 g5 45. Rg1 Rd4 46. Rff1 Kg6 47. Rc1 Rc5
48. Rh1 Rd2+ 49. Kf3 Kf5 50. Rh5 0-1

[Event "Mistrzostwa Polski Juniorow do lat 18 - Dziewczeta"]
[Site "Szklarska Poreba"]
[Date "1899-12-30"]
[Round "4.10"]
[White "Vanduyfhuys, Daria"]
[Black "Karlyk, Maria"]
[Result "0-1"]
[WhiteTitle "WCM"]
[BlackTitle "I"]
[WhiteElo "2023"]
[BlackElo "1603"]

1. d4 d5 2. c4 Nc6 3. Nf3 Bg4 4. cxd5 Bxf3 5. gxf3 Qxd5 6. e3 e5 7. dxe5 Bb4+ 8.
Nc3 Qxe5 9. Qb3 Nd4 10. Qa4+ c6 11. f4 Qe4 12. f3 Bxc3+ 13. Kf2 Be1+ 0-1

[Event "Mistrzostwa Polski Juniorow do lat 18 - Dziewczeta"]
[Site "Szklarska Poreba"]
[Date "1899-12-30"]
[Round "4.11"]
[White "Tarka, Aleksandra"]
[Black "Moscicka, Pola"]
[Result "1/2-1/2"]
[WhiteTitle "I++"]
[BlackTitle "k++"]
[WhiteElo "1706"]
[BlackElo "2050"]

1. Nf3 Nf6 2. b3 e6 3. Bb2 d5 4. e3 Bd6 5. d4 O-O 6. Bd3 b6 7. Nbd2 Bb7 8. O-O
Ne4 9. c4 Nd7 10. Qc2 f5 11. Ne5 Ndf6 12. f3 Nxd2 13. Qxd2 c5 14. Rad1 Qe7 15.
Qe2 Nh5 16. f4 Nf6 17. cxd5 Bxd5 18. Bc4 Rac8 19. dxc5 Bxc5 20. Bd4 Rfd8 21. Bxc5
Qxc5 22. Rd4 Qe7 23. Rfd1 Qe8 24. Bb5 Qe7 25. Bc4 Qe8 26. Bb5 Qe7 27. Bc4 Qe8
1/2-1/2

[Event "Mistrzostwa Polski Juniorow do lat 18 - Dziewczeta"]
[Site "Szklarska Poreba"]
[Date "1899-12-30"]
[Round "4.12"]
[White "Jarocka, Liwia"]
[Black "Wolagiewicz, Kinga"]
[Result "1-0"]
[WhiteTitle "FM"]
[BlackTitle "I"]
[WhiteElo "1919"]
[BlackElo "1633"]

1. e4 Nc6 2. d4 d5 3. e5 Bf5 4. h4 h5 5. Nf3 e6 6. Bd3 Nge7 7. Bg5 Qd7 8. c3 Bxd3
9. Qxd3 Nf5 10. Nbd2 Be7 11. Bxe7 Qxe7 12. b4 O-O-O 13. Nb3 f6 14. Nc5 Nb8 15.
g3 fxe5 16. Nxe5 Rh6 17. Qd2 Nd6 18. Qg5 Qf6 19. f3 Rf8 20. O-O-O Nf7 21. Qxf6
Rxf6 22. Nxf7 R8xf7 23. f4 Nd7 24. Rhe1 Nxc5 25. dxc5 Kd7 26. c4 c6 27. Kc2 Rg6
28. Rd3 Rf5 29. Kc3 Ke7 30. cxd5 Rxd5 31. Rxd5 cxd5 32. Re3 Kd7 33. Kd4 a6 34.
a4 Rf6 35. b5 axb5 36. axb5 Rf8 37. Ra3 Kc7 38. Ra2 Rf6 39. Ke5 Rg6 40. Ra3 Rf6
41. Ra7 Kb8 42. b6 Rg6 43. Ra3 Kc8 44. Kd6 Kb8 45. Ke7 Rf6 46. Kd7 Rg6 47. Re3
Rf6 48. Re1 Rg6 49. f5 Rxg3 50. Rxe6 1-0

[Event "Mistrzostwa Polski Juniorow do lat 18 - Dziewczeta"]
[Site "Szklarska Poreba"]
[Date "1899-12-30"]
[Round "4.13"]
[White "Roszkiewicz, Anna"]
[Black "Drob, Julia"]
[Result "1-0"]
[WhiteTitle "I++"]
[BlackTitle "I"]
[WhiteElo "1624"]
[BlackElo "1387"]

1. e4 c5 2. Nf3 d6 3. d4 cxd4 4. Nxd4 Nf6 5. Nc3 g6 6. Be3 Bg7 7. f3 Nc6 8. Qd2
O-O 9. O-O-O a6 10. g4 Nxd4 11. Bxd4 Be6 12. h4 b5 13. Bxf6 Bxf6 14. Nd5 Bxd5
15. exd5 b4 16. g5 Bh8 17. h5 Qa5 18. Kb1 Qa4 19. Qh2 Be5 20. Qh4 Rfc8 21. Bd3
Rab8 22. hxg6 hxg6 23. Qh7+ Kf8 24. Rh4 b3 25. axb3 Qa5 26. Rf4 Qxd5 27. Be2 Qe6
28. Bc4 Rxc4 29. Rxc4 d5 30. Rc5 Rd8 31. b4 d4 32. Re1 f6 33. f4 d3 34. Qh8+ Qg8
35. Qxg8+ Kxg8 36. fxe5 d2 37. Rd1 f5 38. c3 f4 39. Kc2 Kf7 40. Rxd2 Rxd2+ 41.
Kxd2 Ke6 42. Ke2 Kf5 43. Kf3 Kxg5 44. e6+ Kf6 45. Kxf4 Kxe6 46. Kg5 Kd6 47. Kxg6
e5 48. Kf5 1-0

[Event "Mistrzostwa Polski Juniorow do lat 18 - Dziewczeta"]
[Site "Szklarska Poreba"]
[Date "1899-12-30"]
[Round "4.14"]
[White "Zygmunt, Patrycja"]
[Black "Giefert, Sara"]
[Result "0-1"]
[WhiteTitle "I"]
[BlackTitle "I+"]
[WhiteElo "1230"]
[BlackElo "1624"]

1. e4 e5 2. Nf3 Nc6 3. Bc4 Nf6 4. O-O Bc5 5. d3 O-O 6. Bg5 d6 7. Nc3 Be6 8. Nd5
Bxd5 9. Bxd5 h6 10. Bh4 g5 11. Bg3 Nxd5 12. exd5 Ne7 13. d4 exd4 14. Nxd4 Qd7
15. Qd3 Bxd4 16. Qxd4 f5 17. f4 Ng6 18. Rae1 Qg7 19. Qd3 g4 20. Re6 h5 21. Be1
Rf7 22. Bc3 Qh7 23. Qd4 Nf8 24. Rf6 Qg7 25. Rxf7 Qxd4+ 26. Bxd4 Kxf7 27. Re1 a6
28. c4 Re8 29. Rxe8 Kxe8 30. b4 c6 31. dxc6 bxc6 32. Kf2 Kd7 33. Ke3 Ne6 34. a4
c5 35. bxc5 dxc5 36. Be5 Kc6 37. a5 Nd8 38. Bc3 Nb7 39. g3 Nd6 40. Kd3 Ne4 41.
Be5 Kd7 42. Bc3 Ke6 43. Be5 Kf7 44. Bc3 h4 45. Be1 h3 46. Bc3 Nxg3 47. Be1 Nf1
48. Bf2 Nxh2 0-1

[Event "Mistrzostwa Polski Juniorow do lat 18 - Dziewczeta"]
[Site "Szklarska Poreba"]
[Date "1899-12-30"]
[Round "4.15"]
[White "Taranowicz, Zofia"]
[Black "Sawa, Daria"]
[Result "0-1"]
[WhiteTitle "I"]
[BlackTitle "I"]
[WhiteElo "1185"]
[BlackElo "1558"]

1. d4 Nf6 2. Nf3 e6 3. Bf4 c5 4. e3 Qb6 5. Qc1 Nc6 6. c3 Nh5 7. Bg3 Nxg3 8. hxg3
d5 9. Bd3 h6 10. Nbd2 Bd7 11. Rb1 Rc8 12. Qd1 cxd4 13. exd4 Bd6 14. O-O O-O 15.
Nh2 e5 16. dxe5 Nxe5 17. Bc2 Bb5 18. Re1 Nd3 19. Bxd3 Bxd3 20. Rc1 Bxg3 21. Qf3
Bxh2+ 22. Kxh2 Bg6 23. Nb3 Be4 24. Qe2 Qg6 25. f3 Bd3 26. Qe5 Rfd8 27. Nd4 Qb6
28. Rcd1 Bg6 29. Nb3 Rc4 30. Rd4 Rxd4 31. Qxd4 Qd6+ 32. Kg1 a6 33. Qd2 Rc8 34.
Rd1 Re8 35. Kf2 Re5 36. c4 Rg5 37. f4 Rf5 38. g3 Bh5 39. Re1 Bg4 40. Re8+ Kh7
41. Qd3 Qc6 42. Nd4 Qxe8 43. Nxf5 dxc4 44. Nd6+ cxd3 0-1

[Event "Mistrzostwa Polski Juniorow do lat 18 - Dziewczeta"]
[Site "Szklarska Poreba"]
[Date "1899-12-30"]
[Round "4.16"]
[White "Zalucka, Emilia"]
[Black "Sloniec, Natalia"]
[Result "1-0"]
[WhiteTitle "I"]
[BlackTitle "II+"]
[WhiteElo "1512"]
[BlackElo "1124"]

1. e4 e6 2. d4 d5 3. e5 c5 4. c3 Qb6 5. Bd3 c4 6. Bc2 Nc6 7. Ne2 Bd7 8. Nd2 Nge7
9. Ng3 g6 10. Nf3 Bg7 11. O-O O-O-O 12. b4 cxb3 13. axb3 a6 14. Ba3 Rde8 15. c4
Nb4 16. Qd2 Nxc2 17. Qxc2 Kb8 18. Bd6+ Ka8 19. c5 Qb5 20. Ng5 f6 21. Nf7 Rhg8
22. Bc7 Nc6 23. Nd6 Nxd4 24. Qc3 Ne2+ 25. Nxe2 Qxe2 26. Nxe8 Rxe8 27. exf6 Bf8
28. f7 Rc8 29. Bd6 Bc6 30. Bxf8 Rxf8 31. Qg7 Rc8 32. f8=Q Rxf8 33. Qxf8+ 1-0

[Event "Mistrzostwa Polski Juniorow do lat 18 - Dziewczeta"]
[Site "Szklarska Poreba"]
[Date "1899-12-30"]
[Round "4.17"]
[White "Jedras, Adrianna"]
[Black "Majdecka, Nikola"]
[Result "1-0"]
[WhiteTitle "I"]
[BlackTitle "I"]
[WhiteElo "1440"]
[BlackElo "1098"]

1. e4 e5 2. Nf3 Nc6 3. d4 exd4 4. Nxd4 Nf6 5. Nc3 Bb4 6. Nxc6 bxc6 7. Qd4 Be7 8.
Bc4 O-O 9. O-O Bb7 10. e5 c5 11. Qf4 Ne8 12. Rd1 Kh8 13. Rd3 d6 14. Nd5 dxe5 15.
Qxe5 Bd6 16. Qh5 Bxd5 17. Bxd5 Nf6 18. Qf3 Nxd5 19. Qxd5 Qh4 20. Rh3 Rae8 21.
Be3 Qf6 22. Qh5 h6 23. c3 Re5 24. Qf3 Qg6 25. Rd1 Rfe8 26. Rf1 Rf5 27. Qd1 Ree5
28. Qa4 Rh5 29. Rxh5 Qxh5 30. Qxa7 Rxe3 31. Qa8+ Kh7 32. fxe3 Qxh2+ 33. Kf2 Qg3+
34. Ke2 Qg4+ 35. Kd2 Qd7 36. Qd5 Qb5 37. Qd3+ 1-0